| 000 | 03183nam0a2200433 4500 | ||
|---|---|---|---|
| 001 | RU\NLR\BIBL_A\016295109 | ||
| 005 | 20230727171952.0 | ||
| 010 |
_a978-5-8431-0488-7 _9300 |
||
| 021 |
_aRU _bКН-П-23-002361 _9КН-П-23-0221 |
||
| 035 | _a(NLR Aleph) 016295109 | ||
| 035 | _a(RuMoRGB)011536636 | ||
| 090 |
_a12956459 _c12956459 |
||
| 100 | _a20230221d2022 k y0rusy50 ca | ||
| 101 | 0 | _arus | |
| 102 | _aRU | ||
| 105 | _aac z 100zy | ||
| 181 | 0 |
_ai _baxxe |
|
| 182 | 0 | _an | |
| 200 | 1 |
_aКазачество на Северном Кавказе: современное состояние и образ будущего _eматериалы Всероссийской научно-практической конференции (с международным участием), 25-26 ноября 2022 г., г. Новочеркасск _fМинистерство науки и высшего образования Российской Федерации, Южно-Российский государственный политехнический университет (НПИ) имени М. И. Платова _gредакционная коллегия: д-р филос. наук, профессор, председатель Воденко Константин Викторович [и др.] |
|
| 203 |
_aТекст _bвизуальный _cнепосредственный |
||
| 210 |
_aНовочеркасск _cНОК _cЮжно-Российский государственный политехнический университет (НПИ) имени М. И. Платова _d2022 |
||
| 215 |
_a403 с. _cил., портр., табл. _d21 |
||
| 300 | _aНа обл. подзаг.: Сборник материалов конференции | ||
| 320 | _aБиблиогр. в конце ст. | ||
| 601 | 0 | 1 |
_aРоссия _bКазачьи войска _jСъезды, совещания и т.п _2nlr_sh2 _3RU\NLR\AUTH\6601540862 |
| 606 | 1 |
_aКазачество _yКавказ Северный _jСъезды, совещания и т.п _2nlr_sh1 _2nlr_sh2 _3RU\NLR\AUTH\661232523 |
|
| 675 |
_a316.3(470.6)(082) _v4 |
||
| 686 | 1 | _aТ3(2)0-294я431 | |
| 686 | 1 | _aТ3(2Р37)0-294я431 | |
| 686 | 1 | _aЦ59,8(2)2я431 | |
| 686 | 1 | _aЦ59,6(2Р)2я431 | |
| 702 | 1 |
_aВоденко _bК. В. _f1982- _gКонстантин Викторович _3RU\NLR\AUTH\770142823 _4340 |
|
| 711 | 1 | 2 |
_a"Казачество на Северном Кавказе: современное состояние и образ будущего", всероссийская научно-практическая конференция (с международным участием) _f2022 _eНовочеркасск _3RU\NLR\AUTH\880586004 |
| 712 | 0 | 2 |
_aЮжно-Российский государственный политехнический университет им. М. И. Платова _cНовочеркасск _3RU\NLR\AUTH\880364199 _4557 |
| 942 | _cBOOK | ||
| 980 | _aNB | ||